000 00952nam a22002417a 4500
001 82851
003 BD-RjUL
005 20240129173621.0
008 240129s2003 bg a|||| m||| 00| 0 eng d
035 _a(BD-RjUL)82851
040 _aBD-RjUL
_beng
_cBD-RjUL
_dBD-RjUL
041 _aeng
082 _223
_a338.372
_bUDS 2003
100 _aUddin, Mollah Jalal
_911244
245 1 0 _aSocio-economic and environmental impact of shrimp culture in Bangladesh :
_bA case study in Bagerhat District /
_cby Mollah, Jalal Uddin ;
_6Supervisor : M. Mohsin Ali
260 _aRajshahi :
_bInstitute of Bangladesh Studies, University of Rajshahi,
_c2003
300 _axix, 199 leaves :
_bill, ;
_c29.cm.
502 _aThesis (Ph. D.) -- Institute of Bangladesh Studies, University of Rajshahi, 2003
504 _aBibliography : Leaves 189 - 199
650 _aProducts of fishing
_vProduction
_911243
700 _aAli, M. Mohsin, Supervisor
_91843
942 _2ddc
_cTHE
999 _c82851
_d82851